An accompaniment to Mitchell's map of the world on Mercator's projection (Record no. 151380)

MARC details
000 -LEADER
campo de control de longitud fija 00692nam a22001815i 4500
001 - NÚMERO DE CONTROL
campo de control 151380
003 - IDENTIFICADOR DE NÚMERO DE CONTROL
campo de control ES-MaACL
005 - FECHA Y HORA DE LA ÚLTIMA TRANSACCIÓN
campo de control 20251005063118.0
008 - DATOS DE LONGITUD FIJA--INFORMACIÓN GENERAL
campo de control de longitud fija 040927s1841 xxu |||| | eng d
040 ## - FUENTE DE CATALOGACIÓN
Centro catalogador/agencia de origen CAM
Lengua de catalogación spa
Centro/agencia transcriptor CAM
100 1# - ENTRADA PRINCIPAL--NOMBRE DE PERSONA
Nombre de persona Mitchell, S. Augustus,
Fechas asociadas al nombre 1792-1868
9 (RLIN) 157315
245 13 - MENCIÓN DEL TÍTULO
Título An accompaniment to Mitchell's map of the world on Mercator's projection
Resto del título : containing an index to the various countries, cities, towns, islands ...
260 ## - PUBLICACIÓN, DISTRIBUCIÓN, ETC.
Lugar de publicación, distribución, etc. Philadelphia :
Nombre del editor, distribuidor, etc. published by R.L. Barnes,
Fecha de publicación, distribución, etc. 1841 (
Fabricante Stereotyped by J. Fagan)
300 ## - DESCRIPCIÓN FÍSICA
Extensión 572 p. ;
Dimensiones 22 cm.
650 #7 - PUNTO DE ACCESO ADICIONAL DE MATERIA--TÉRMINO DE MATERIA
Término de materia o nombre geográfico como elemento de entrada Geografía
Fuente del encabezamiento o término embne
9 (RLIN) 13070
852 ## - LOCALIZACIÓN
Ubicación ES-MaACL
Número de control de estantería G-13185
Nota libre -- Enc. hol.
Holdings
Estatus retirado Estado de pérdida Estado de daño No para préstamo Colección Biblioteca de origen Biblioteca actual Ubicación en estantería Fecha de adquisición Fuente de adquisición Total de préstamos Signatura topográfica completa Código de barras Visto por última vez Precio de reemplazo Tipo de ítem Koha
        Libros del s. XIX Biblioteca del Ateneo de Madrid Biblioteca del Ateneo de Madrid Sala Pecera Planta 3 17/01/2008     G-13185 1157944 23/02/2023 23/02/2023 Libro impreso antiguo